ბათუმის შოთა რუსთაველის სახელმწიფო უნივერსიტეტის ბიბლიოთეკა

Handbook on Strategic Public Management / (ბიბ.ჩანაწერი № 62271)

000 -LEADER
fixed length control field 00660nam a22001817a 4500
005 - DATE AND TIME OF LATEST TRANSACTION
control field 20240911122458.0
008 - FIXED-LENGTH DATA ELEMENTS--GENERAL INFORMATION
fixed length control field 240911s2023 enk||||| |||| 00| 0 eng d
020 ## - INTERNATIONAL STANDARD BOOK NUMBER
International Standard Book Number 9781789907186x
041 ## - LANGUAGE CODE
Language code of text/sound track or separate title eng
080 ## - UNIVERSAL DECIMAL CLASSIFICATION NUMBER
Universal Decimal Classification number 005 H-22
245 ## - TITLE STATEMENT
Title Handbook on Strategic Public Management /
Statement of responsibility, etc. Edited by Carsten Greve, Tamyko Ysa.
264 ## - PRODUCTION, PUBLICATION, DISTRIBUTION, MANUFACTURE, AND COPYRIGHT NOTICE
Place of production, publication, distribution, manufacture Cheltenham
Name of producer, publisher, distributor, manufacturer Edward Elgar,
Date of production, publication, distribution, manufacture, or copyright notice 2023.
300 ## - PHYSICAL DESCRIPTION
Extent 312 p.;
Other physical details 25 cm.
653 ## - INDEX TERM--UNCONTROLLED
keyword სტრატეგიული საჯარო მენეჯმენტი
700 ## - ADDED ENTRY--PERSONAL NAME
Personal name Greve, Carsten
Relator term რედაქტორი
9 (RLIN) 23197
700 ## - ADDED ENTRY--PERSONAL NAME
Personal name Ysa, Tamyko
Relator term რედაქტორი
9 (RLIN) 23198
942 ## - ADDED ENTRY ELEMENTS (KOHA)
Source of classification or shelving scheme
Koha item type წიგნი
ეგზემპლარები
Withdrawn status Lost status Source of classification or shelving scheme Damaged status Not for loan Permanent Location Current Location Shelving location Date acquired Cost, normal purchase price Full call number Barcode Date last seen Copy number Price effective from Koha item type Public note
          ბათუმის შოთა რუსთაველის სახელმწიფო უნივერსიტეტის მთავარი ბიბლიოთეკა ბათუმის შოთა რუსთაველის სახელმწიფო უნივერსიტეტის მთავარი ბიბლიოთეკა წიგნსაცავი 2024-09-11 456.00 005 H-22 68848 2024-09-11 68848 2024-09-11 წიგნი 456 ლ.